La canción de Odette-Tantadel / (Record no. 6487)

MARC details
000 -CABECERA
campo de control de longitud fija 00756nam a2200229 a 4500
005 - FECHA Y HORA DE LA ÚLTIMA TRANSACCIÓN
campo de control 20230602063649.0
008 - ELEMENTOS DE LONGITUD FIJA--INFORMACIÓN GENERAL
campo de control de longitud fija 991125s1982 mx 000 0 spa u
020 ## - NÚMERO INTERNACIONAL NORMALIZADO PARA LIBROS
Número Internacional Estándar del Libro 9682908663
035 ## - NÚMERO DE CONTROL DEL SISTEMA
Número de control de sistema UPN01000006487
040 ## - FUENTE DE LA CATALOGACIÓN
Centro catalogador/agencia de origen MX-MxUPN
Lengua de catalogación spa
Centro/agencia transcriptor MX-MxUPN
050 #4 - SIGNATURA TOPOGRÁFICA DE LA BIBLIOTECA DEL CONGRESO
Número de clasificación PQ7104
Número de documento/Ítem L57 no.11
100 1# - ASIENTO PRINCIPAL--NOMBRE PERSONAL
Nombre de persona Avilés Fabila, René,
Fechas asociadas al nombre 1940-
245 13 - MENCIÓN DE TÍTULO
Título La canción de Odette-Tantadel /
Mención de responsabilidad, etc. René Avilés Fabila.
250 ## - MENCIÓN DE EDICIÓN
Mención de edición Primera edición
260 ## - PUBLICACIÓN, DISTRIBUCIÓN, ETC.
Lugar de publicación, distribución, etc. México :
Nombre del editor, distribuidor, etc. Premiá :
-- Secretaría de Educación Pública, Subsecretaría de Cultura,
Fecha de publicación, distribución, etc. 1982.
300 ## - DESCRIPCIÓN FÍSICA
Extensión 189 páginas
490 ## - MENCIÓN DE SERIE
Mención de serie Lecturas mexicanas. Segunda serie ;
Designación de volumen o secuencia 11
650 #2 - ASIENTO SECUNDARIO DE MATERIA - TERMINO TEMATICO
Término de materia o nombre geográfico como elemento de entrada Literatura mexicana
Subdivisión de forma Colecciones
9 (RLIN) 9428
650 #4 - ASIENTO SECUNDARIO DE MATERIA - TERMINO TEMATICO
Término de materia o nombre geográfico como elemento de entrada Novela mexicana
9 (RLIN) 4557
905 ## - TIPO DE MATERIAL
Tipo de material Libro
942 ## - ELEMENTOS DE PUNTO DE ACCESO ADICIONAL (KOHA)
Fuente del sistema de clasificación o colocación Library of Congress Classification
Tipo de ítem Koha Libro
Holdings
Estado de retiro Estado de pérdida Fuente del sistema de clasificación o colocación Estado dañado No para préstamo Código de colección Localización permanente Ubicación/localización actual Ubicación en estantería Fecha de adquisición Clasificación Código de barras Fecha visto por última vez Número de copia Tipo de ítem Koha
    Library of Congress Classification   En proceso Colección General Bib. Gregorio Torres Quintero Bib. Gregorio Torres Quintero Planta baja 06/06/2022 PQ7104 L57 no.11 76948 31/12/2020 1 Libro
    Library of Congress Classification   En proceso Colección General Bib. Gregorio Torres Quintero Bib. Gregorio Torres Quintero Planta baja 06/06/2022 PQ7104 L57 no.11 242292 31/12/2020 Ej.2 Libro
    Library of Congress Classification   En proceso Colección General Bib. Gregorio Torres Quintero Bib. Gregorio Torres Quintero Planta baja 06/06/2022 PQ7104 L57 no.11 316444 31/12/2020 Ej.3 Libro